000 00409nam a2200145 i 4500
001 bg
100 1 _aLEWICKA, Grażyna
245 0 _aSłownik angielsko-polski terminów technicznych z zakresu informatyki /
_cGrażyna Lewicka, Eugeniusz Lewicki.
260 _aWrocław,
_c1974.
700 1 _aLEWICKI, Eugeniusz
040 _cBPK
041 _apol
942 _cKS
008 s pl f |000 0 pol
999 _c1594
_d1594
856 _uhttp://koha.tu.koszalin.pl/cgi-bin/koha/opac-detail.pl?biblionumber=1594
_yKatalog online BPK